Statystyki dla MCU: Najtrudniejszy quiz

Kliknij tutaj aby rozwiązać quiz!

Ogólne statystyki

  • Ten quiz został rozwiązany 23 razy
  • Średni wynik to 102 z 308

Statystyki odpowiedzi

Odpowiedź% Poprawnych
Spider-Man(Peter Parker)
100%
Iron Man
95%
She-Hulk
95%
Black Panther
90%
Captain America
90%
Incredible Hulk
90%
Loki
90%
Venom
86%
Spider-Man(Miles Morales)
81%
Black Widow
76%
Deadpool
76%
Doctor Strange
76%
Odin Borson
76%
Peter B. Parker
76%
President Loki
76%
Captain America
71%
Captain Marvel
71%
Groot
71%
Hawkeye
71%
Kid Loki
71%
Nebula
71%
Nick Fury
71%
Quicksilver
71%
Rocket Raccoon
71%
Spider-Punk
71%
Thunder
71%
Doctor Octopus
67%
Gamora
67%
Legendary Star-Lord
67%
Sandman
67%
Shuri
67%
Sylvie Laufeydottir
67%
Winter Soldier
67%
Wolverine
67%
Kang The Conqueror
62%
Killmonger
62%
Lizard
62%
Shang-Chi
62%
The Punisher
62%
120703 Gwen Stacy
57%
Electro
57%
Kingpin
57%
Moon Knight
57%
SP//dr
57%
Yondu Udonta
57%
Ben Parker
52%
Mister Fantastic
52%
Ms. Marvel
52%
Mysterio
52%
Sinister Strange
52%
Spider-Woman
52%
Agent Phil Coulson
48%
Baron Zemo
48%
Captain Carter
48%
Classic Loki
48%
Friendly Neighborhood Spider-Man
48%
Frost Giant Loki
48%
He Who Remains
48%
J. Jonah Jameson
48%
Maria Hill
48%
M'Baku
48%
Morbius the Living Vampire
48%
Namor
48%
Red Skull
48%
Scarlet Witch
48%
Spider-Man India
48%
Star-Lord
48%
Thanos
48%
The Amazing Spider-Man
48%
TVA Loki
48%
U.S. Agent
48%
Vision
48%
Wasp
48%
White Vision
48%
Abomination
43%
Aldrich Killian
43%
Ant-Man
43%
Daredevil
43%
Green Goblin
43%
Hela Odinsdottir
43%
Hercules Panhellenios
43%
Korg
43%
Kraven the Hunter
43%
Mantis
43%
May Parker
43%
Mighty Thor
43%
Mobius M. Mobius
43%
New Goblin
43%
Professor X
43%
Spider-Man Unlimited
43%
Strange Supreme
43%
War Machine
43%
Yellowjacket
43%
Arnim Zola
38%
Blade
38%
Carnage
38%
Cosmo the Spacedog
38%
Defender Strange
38%
Drax the Destroyer
38%
Grandmaster
38%
Happy Hogan
38%
Kingo
38%
Lady Sif
38%
Lego Spider-Man
38%
M.O.D.O.K.
38%
Spider-Man Noir
38%
Sprite
38%
Stature
38%
Supreme Strange
38%
Talos
38%
Thena
38%
Ultron
38%
Valkyrie
38%
Venom
38%
Whiplash
38%
96283 Gwen Stacy
33%
Adam Warlock
33%
Agent 13
33%
Baron Mordo
33%
Boastful Loki
33%
Captain Marvel
33%
Dormammu
33%
Ebony Maw
33%
Everett Ross
33%
Gilgamesh
33%
Green Goblin
33%
Howard the Duck
33%
Kingpin
33%
Kraglin Obfonteri
33%
Mary Jane Watson
33%
Michelle Jones-Watson
33%
Nakia
33%
Peggy Carter
33%
Rescue
33%
Sersi
33%
Shocker
33%
Spider-Cat
33%
Spider-Woman
33%
Thaddeus "Thunderbolt" Ross
33%
Tomas
33%
Uatu the Watcher
33%
Wong
33%
Zeus Panhellenios
33%
Agatha Harkness
29%
Alligator Loki
29%
Ant-Man
29%
Black Bolt
29%
Collector
29%
Dane Whitman
29%
Ego the Living Planet
29%
Gravik
29%
Hawkeye
29%
Ikaris
29%
Infinity Ultron
29%
IronHeart
29%
Laufey
29%
Mac Gargan
29%
Mälekith The Accursed
29%
Man-Thing
29%
Ned Leeds
29%
Okoye
29%
Photon
29%
Prowler
29%
Ramonda
29%
Ronan the Accuser
29%
Shocker
29%
Spider-Man 2099
29%
Supreme Intelligence
29%
Taserface
29%
Taskmaster
29%
The Spot
29%
Titania
29%
Trevor Slattery
29%
Vulture
29%
Agent Jimmy Woo
24%
Alexander Pierce
24%
America Chavez
24%
Ayesha
24%
Baron Strucker
24%
Bashenga the first Black Panther
24%
Corvus Glaive
24%
Crossbones
24%
Cull Obsidian
24%
Echo
24%
Eitri
24%
Flash Thompson
24%
Frigga
24%
General Dreykov
24%
Ghost
24%
G'iah
24%
Gorr the God Butcher
24%
Heimdall
24%
High Evolutionary
24%
Howard Stark
24%
HYDRA Stomper
24%
Iron Monger
24%
Justin Hammer
24%
Kaecilius
24%
Korath the Pursuer
24%
Leapfrog
24%
Luis
24%
Lylla
24%
Makkari
24%
Minn-Erva
24%
Proxima Midnight
24%
Red Guardian
24%
Scarlet Spider
24%
Skurge the Executioner
24%
Spider-Ham
24%
Starfox
24%
Surtur
24%
The Ancient One
24%
Ulysses Klaue
24%
Victor Timely
24%
Volstagg
24%
Wasp
24%
Yelena Belova
24%
Ajak
19%
Ammit
19%
Betty Brant
19%
Contessa Valentina Allegra de Fontaine
19%
Darcy Lewis
19%
Doc Ock
19%
Druig
19%
Dum Dum Dugan
19%
Fandral the Dashing
19%
Fenris
19%
Goliath
19%
Katy Chen
19%
Khonshu the God of the Moon and the Night Sky
19%
Kurse
19%
Liz Allan
19%
Mandarin
19%
Melina Vostokoff
19%
Nova Prime Irani Rael
19%
Ravonna Renslayer
19%
Scarlet Scarab
19%
The Destroyer Automaton
19%
Tombstone
19%
Yon-Rogg
19%
Alioth
14%
Arishem the Judge
14%
Arthur Harrow
14%
Axl Heimdallson
14%
Ayo
14%
Elsa Bloodstone
14%
Flag-Smasher
14%
Georges Batroc
14%
Hogun the Grim
14%
Isaiah Bradley
14%
Mayday Parker
14%
Mister Immortal
14%
Phastos
14%
Rhomman Dey
14%
Spider-Byte
14%
Swordsman
14%
The Other
14%
Werewolf by Night
14%
Abraham Erskine
10%
Aneka
10%
Attuma
10%
Battlestar
10%
Bruno Carrelli
10%
Chester Phillips
10%
Cindy Moon
10%
Egghead
10%
Great Protector
10%
Ho Yinsen
10%
Jefferson Morales
10%
Lucien
10%
Mrs. Chen
10%
Namora
10%
Phyla
10%
Raza Hamidmi Al-Wazar
10%
Rio Morales
10%
Stakar Ogord
10%
Tinkerer
10%
Veb
10%
Xu Xialing
10%
Agent P. Cleary
5%
Aleta Ogord
5%
Anton Mogart
5%
Bao the God of Dumplings
5%
Bor Burison
5%
Cagliostro
5%
Charlie-27
5%
Dar-Benn
5%
Dimitri Smerdyakov
5%
Dweller-in-Darkness
5%
Eli Bradley
5%
Jentorra
5%
Kamran
5%
Kazimierz Kazimierczak
5%
Krugarr
5%
Lord Krylar
5%
Luke Jacobson
5%
Mainframe
5%
Martinex T'Naga
5%
Pip the Troll
5%
Quaz
5%
Red Dagger
5%
Selim the Avatar of Osiris
5%
Shriek
5%
Taweret the Goddess of Women and Children
5%
Topaz
5%
Týr
5%
Ulysses Bloodstone
5%
Xolum
5%

Rozkład punktacji

Percentyl według liczby udzielonych odpowiedzi

Procent ludzi z każdym wynikiem

Twoja historia wyników

Nie rozwiązałeś tego quizu